The Breaking of bodies and minds : torture, psychiatric abuse, and the health professions /

Bibliographic Details
Other Authors: Stover, Eric, Nightingale, Elena O.
Format: Book
Language:English
Published: New York : Freeman, [1985]
Subjects:

MARC

Tag First Indicator Second Indicator Subfields
LEADER 00000cam a2200000 a 4500
001 in00000007013
005 20151004080007.0
008 850306s1985 nyua b 00100 eng d
010 |a  85004512  
020 |a 0716717328 
020 |a 0716717336 (pbk.) 
035 |a (OCoLC)11841381 
035 |9 AAA1476AM 
040 |a DNLM/DLC  |c DLC  |d m/c  |d TXA  |d UtOrBLW 
049 |a TXAM  |c [A10755036] 
050 0 0 |a RA1122.8  |b .B73 1985 
060 0 |a WM 62 B828 
082 0 |a 174/.2  |2 19 
245 0 4 |a The Breaking of bodies and minds :  |b torture, psychiatric abuse, and the health professions /  |c edited by Eric Stover and Elena O. Nightingale. 
264 1 |a New York :  |b Freeman,  |c [1985] 
264 4 |c ©1985 
300 |a xv, 319 pages :  |b illustrations ;  |c 23 cm. 
336 |a text  |b txt  |2 rdacontent 
337 |a unmediated  |b n  |2 rdamedia 
338 |a volume  |b nc  |2 rdacarrier 
504 |a Bibliography: pages 299-309. 
500 |a Includes index. 
650 0 |a Torture  |x Moral and ethical aspects. 
650 0 |a Medical ethics. 
650 0 |a Psychiatric ethics. 
650 0 |a Political prisoners  |x Health and hygiene. 
700 1 |a Stover, Eric. 
700 1 |a Nightingale, Elena O. 
999 |a MARS 
999 f f |s 3796d559-cae4-3562-b6c9-ac2917f8c3b6  |i 017f54d7-5fba-3049-8227-0715bba876e5  |t 0 
952 f f |p ric  |a Texas A&M University  |b Rellis Campus  |c Joint Library Facility  |d Remote Storage  |t 0  |e RA1122.8 .B73 1985  |h Library of Congress classification  |i unmediated -- volume  |m A14810755036 
998 f f |a RA1122.8 .B73 1985  |t 0  |l Remote Storage